UBT Library

To save our schools, to save our children : (Record no. 41348)

000 -LEADER
fixed length control field 00795pam a2200229 a 4500
001 - CONTROL NUMBER
control field 498221
005 - DATE AND TIME OF LATEST TRANSACTION
control field 20180131043813.0
008 - FIXED-LENGTH DATA ELEMENTS--GENERAL INFORMATION
fixed length control field 850731s1985 njuaf b 000 0 eng
010 ## - LIBRARY OF CONGRESS CONTROL NUMBER
LC control number 85018798
020 ## - INTERNATIONAL STANDARD BOOK NUMBER
International Standard Book Number 0882820133 :
Terms of availability $16.95
040 ## - CATALOGING SOURCE
Original cataloging agency DLC
Transcribing agency DLC
Modifying agency DLC
041 ## - LANGUAGE CODE
Language code of text/sound track or separate title eng
043 ## - GEOGRAPHIC AREA CODE
Geographic area code n-us---
080 ## - UNIVERSAL DECIMAL CLASSIFICATION NUMBER
Universal Decimal Classification number 371.010973 FRA
082 00 - DEWEY DECIMAL CLASSIFICATION NUMBER
Classification number 371.010973 FRA
Edition number 19
100 1# - Rafti
Rafti 47
101 ## - Shkurtesa
Shkurtesa EDU
245 10 - TITLE STATEMENT
Title To save our schools, to save our children :
Statement of responsibility, etc by Marshall Frady ; the ABC Closeup News staff, Judy Crichton ... [et al.], and Joan S. Dunphy ; introduction by Robert Coles ; foreword by Peter Jennings.
504 ## - BIBLIOGRAPHY, ETC. NOTE
Bibliography, etc Bibliography: p. 189-196.
906 ## - LOCAL DATA ELEMENT F, LDF (RLIN)
a 7
b cbc
c orignew
d 1
e ocip
f 19
g y-gencatlg
942 ## - ADDED ENTRY ELEMENTS (KOHA)
Source of classification or shelving scheme
Item type Books
Holdings
Withdrawn status Lost status Source of classification or shelving scheme Damaged status Not for loan Collection code Permanent location Current location Shelving location Date acquired Total Checkouts Full call number Barcode Date last seen Price effective from Koha item type
          Koleksioni i përgjithshem UBT - Lipjan UBT - Lipjan Koleksioni i përgjithshem 01/31/2018   371.010973 FRA 002-2997084 01/31/2018 01/31/2018 Books
UBT Library © 2015-2024. All rights reserved University Education for Business and Technology